Les morts de The Walking Dead - Statistiques

Statistiques générales
  • Ce quiz a été pris 68 fois
  • Le résultat moyen est 23 sur 75
Statistiques - réponses
Hint Réponse % Correct
2 Jim
65%
54 Carl Grimes
63%
13 Lori Grimes
56%
26 Le Gouverneur
53%
14 T-Dog
53%
4 Jacqui
51%
11 Shane Walsh
51%
48 Glenn Rhee
49%
47 Abraham Ford
44%
73 Alpha
44%
34 Beth Greene
44%
65 Enid
44%
30 Gareth
44%
18 Merle Dixon
44%
55 Simon
44%
75 Bêta
42%
3 Ed Peletier
42%
25 Hershel Greene
42%
9 Jimmy
42%
7 Sophia Peletier
42%
1 Amy Harrison
40%
6 Otis
40%
66 Tara Chambler
40%
19 Andrea Harrison
37%
10 Dale Horvath
37%
8 Patricia
37%
52 Sasha Williams
37%
36 Tyreese Williams
37%
33 Bob Stookey
35%
5 Edwin Jenner
35%
72 Gamma
35%
67 Henry
35%
37 Noah
35%
49 Spencer Monroe
35%
38 Deanna Monroe
33%
56 Gregory
33%
42 Jessie Anderson
33%
44 Ron Anderson
33%
41 Aiden Monroe
30%
32 Martin
30%
46 Nicholas
30%
50 Olivia
30%
17 Oscar
30%
43 Sam Anderson
30%
68 Benjamin
28%
28 Lizzie Samuels
28%
40 Pete Anderson
28%
45 Denise Cloyd
26%
22 Martinez
26%
31 Mary
26%
39 Reg Monroe
26%
70 Siddiq
26%
20 Lilly Chambler
23%
27 Mika Samuels
23%
71 Dante
21%
21 Meghan Chambler
19%
69 Shiva
19%
12 Tomas
19%
16 Andrew
16%
74 Beatrice
16%
60 DJ
16%
23 Patrick
16%
64 Addy
14%
15 Big Tiny
14%
24 Caleb
14%
35 Dawn Lerner
14%
58 Ozzy
14%
57 Paul Jesus Rovia
14%
61 Frankie
12%
29 Joe
12%
63 Rodney
12%
59 Alek
9%
62 Tammy Rose Sutton
9%
51 Emmett Carson
7%
53 Harlan Carson
7%
Aucun quiz correspondant
Distribution des résultats
% des personnes avec chaque résultat
Percentile par nombre de réponses
Votre historique - résultats
Vous n’avez pas pris ce quiz